[Event "Novaya Ladoga"]
[Site "Novaya Ladoga"]
[Date "2001.??.??"]
[Round "?"]
[White "Geller, Jakov"]
[Black "Shershnev, Viktor"]
[Result "1/2-1/2"]
[WhiteElo "2285"]
[BlackElo "2178"]
[PlyCount "105"]
[EventDate "2001.??.??"]
[EventType "tourn"]
[EventRounds "11"]
[EventCountry "RUS"]
[SourceTitle "EXT 2002"]
[Source "ChessBase"]
[SourceDate "2001.11.25"]
[SourceVersion "1"]
[SourceVersionDate "2001.11.25"]
[SourceQuality "1"]

1. e4 c5 2. Nc3 Nc6 3. f4 e6 4. Nf3 d5 5. Bb5 Nf6 6. Bxc6+ bxc6 7. d3 Ba6 8. e5 Nd7 9. b3 Be7 10. 0-0 g6 11. Ba3 Qa5 12. Nb1 0-0-0 13. Qe1 Qc7 14. c4 f5 15. Nc3 h6 16. h4 Rdg8 17. Bc1 Kb8 18. Na4 Ka8 19. Kf2 Rg7 20. Rh1 Rhg8 21. Rh3 Qd8 22. Be3 Qc7 23. Bd2 Rb8 24. Qe3 Rbg8 25. Qe2 Rb8 26. Rg1 Rbg8 27. Bc1 Bc8 28. Qe1 Nf8 29. g4 Qd8 30. g5 h5 31. Ba3 Nd7 32. Qc3 d4 33. Qd2 a5 34. Rb1 Ba6 35. Rhh1 Qc7 36. Rhe1 Rb8 37. Re2 Bc8 38. Qe1 Qa7 39. Bc1 Nb6 40. Nxb6+ Rxb6 41. Bd2 Ra6 42. a3 Bf8 43. Rb2 Rb7 44. Qd1 Be7 45. Ne1 Kb8 46. Nc2 Kc7 47. Qc1 Bf8 48. Ke1 Be7 49. b4 axb4 50. axb4 cxb4 51. Bxb4 Bxb4+ 52. Rxb4 Rxb4 53. Nxb4 1/2-1/2

[Event "Novaya Ladoga"]
[Site "Novaya Ladoga"]
[Date "2001.??.??"]
[Round "?"]
[White "Shershnev, Viktor"]
[Black "Bets, Anatolij"]
[Result "1/2-1/2"]
[WhiteElo "2178"]
[BlackElo "2405"]
[PlyCount "123"]
[EventDate "2001.??.??"]
[EventType "tourn"]
[EventRounds "11"]
[EventCountry "RUS"]
[SourceTitle "EXT 2002"]
[Source "ChessBase"]
[SourceDate "2001.11.25"]
[SourceVersion "1"]
[SourceVersionDate "2001.11.25"]
[SourceQuality "1"]

1. e4 c6 2. Nc3 d5 3. Qf3 dxe4 4. Nxe4 Nd7 5. d4 Ndf6 6. Nxf6+ Nxf6 7. c3 g6 8. Bc4 Bg7 9. Qe2 0-0 10. Nf3 Bg4 11. 0-0 Nd5 12. h3 Bxf3 13. Qxf3 Qd6 14. Re1 e6 15. Bg5 h6 16. Bd2 Rfd8 17. Rad1 Rd7 18. Bb3 b5 19. Bc1 Rad8 20. g3 c5 21. dxc5 Qxc5 22. h4 a5 23. h5 g5 24. Bxd5 Rxd5 25. Rxd5 Qxd5 26. Qxd5 Rxd5 27. Kg2 Kf8 28. Re4 Rd1 29. Be3 Rb1 30. Bc5+ Ke8 31. Re2 Rd1 32. Bb6 a4 33. Bc5 Kd7 34. g4 Kc6 35. Ba3 Kd5 36. Bb4 Kc4 37. Kf3 Kd3 38. Re3+ Kc2 39. Re2+ Kb1 40. b3 axb3 41. axb3 Rc1 42. c4 bxc4 43. bxc4 Rxc4 44. Bd6 Kc1 45. Ra2 Rd4 46. Bb8 Rb4 47. Bd6 Rb7 48. Re2 Kd1 49. Ra2 Rd7 50. Bb8 Rb7 51. Bd6 f5 52. gxf5 exf5 53. Ra5 Rb3+ 54. Kg2 f4 55. Be5 Bxe5 56. Rxe5 Rb6 57. Kf3 Kd2 58. Re7 Rf6 59. Rg7 Ke1 60. Rg6 Rf8 61. Rxh6 g4+ 62. Kg2 1/2-1/2

[Event "Novaya Ladoga"]
[Site "Novaya Ladoga"]
[Date "2001.??.??"]
[Round "?"]
[White "Shershnev, Viktor"]
[Black "Meister, Jakob"]
[Result "0-1"]
[WhiteElo "2178"]
[BlackElo "2473"]
[PlyCount "62"]
[EventDate "2001.??.??"]
[EventType "tourn"]
[EventRounds "11"]
[EventCountry "RUS"]
[SourceTitle "EXT 2002"]
[Source "ChessBase"]
[SourceDate "2001.11.25"]
[SourceVersion "1"]
[SourceVersionDate "2001.11.25"]
[SourceQuality "1"]

1. e4 c5 2. Nf3 e6 3. d4 cxd4 4. Nxd4 a6 5. g3 e5 6. Nb3 Nf6 7. Bg2 d6 8. Nc3 Be7 9. 0-0 0-0 10. Bg5 Nbd7 11. a4 b6 12. Qe2 Bb7 13. Rad1 Rc8 14. f4 Qc7 15. Bh3 Rce8 16. f5 Rc8 17. Bg2 Qc4 18. Qe1 Rfe8 19. Bxf6 Nxf6 20. Rf2 Qc7 21. Rfd2 b5 22. axb5 axb5 23. h3 b4 24. Nb1 Qb6+ 25. Kh2 Rc4 26. Re2 Rec8 27. Rdd2 h5 28. Bf3 d5 29. exd5 Bd6 30. Rxe5 Bxe5 31. Qxe5 Re8 0-1